000
00345nam a2200157Ia 4500
003
OSt
005
20240102100818.0
008
170524s9999 xx 000 0 und d
020
_a
8174732500
040
_c
iimt university meerut
100
_a
SINGH- SP
100
_c
2004
245
0
_a
CORPORETE STRATEGY
260
_a
AITBS
942
_2
ddc
_c
02
999
_c
2092
_d
2092